| 000 | 00997nmc a2200409 a 4500 | ||
|---|---|---|---|
| 003 | AR-BaBNM | ||
| 005 | 20251128203904.0 | ||
| 008 | 217019s1966 ||||||||||||||000 | spa|| | ||
| 040 | _cAR-BaBNM | ||
| 100 | 1 | _aKitto, H.D.F. | |
| 245 | 1 | 0 | _aLos griegos |
| 250 | _a3ª ed. | ||
| 260 |
_aBuenos Aires _bEudeba _c1966 |
||
| 300 |
_a357 p. _bmapas |
||
| 490 | 0 | _aLectores de Eudeba | |
| 500 | _aContiene índice alfabético p. 351-356 | ||
| 600 | 0 | 4 | _aTucídides |
| 600 | 0 | 4 | _aAlejandro Magno |
| 600 | 0 | 4 | _aAristóteles |
| 600 | 0 | 4 | _aSócrates |
| 600 | 0 | 4 | _aPlatón |
| 600 | 0 | 4 | _aPlutarco |
| 650 | 4 | _aHISTORIA ANTIGUA | |
| 650 | 4 | _aURBANIZACION | |
| 650 | 4 | _aGUERRA | |
| 650 | 4 | _aIDEOLOGIAS | |
| 650 | 4 | _aFILOSOFIA | |
| 650 | 4 | _aDOCTRINAS POLITICAS | |
| 650 | 4 | _aSOCIEDAD | |
| 650 | 4 | _aRELIGION | |
| 650 | 4 | _aCIVILIZACIONES ANTIGUAS | |
| 650 | 4 | _aECONOMIA | |
| 651 | 4 | _aGrecia | |
| 700 | 1 |
_aGarasa, Delfín Leocadio _etraductor |
|
| 942 | _cBK | ||
| 998 | _cmariana | ||
| 999 |
_c5351 _d5351 |
||